[Event "Bad. Jug-EM 2018 U16"]
[Site "Karlsruhe-Durlach"]
[Date "2018.01.03"]
[Round "2.6"]
[White "Schneider, Edward"]
[Black "Scheid, Lennart"]
[Result "1-0"]
[WhiteElo "1658"]
[BlackElo "1518"]
[PlyCount "39"]
[EventDate "2018.??.??"]
[WhiteTeam "SF Sasbach"]
[BlackTeam "SK Ladenburg"]

1. e4 e5 2. Nf3 Nc6 3. d4 exd4 4. Bc4 Nf6 5. e5 Ng4 6. Qe2 Bb4+ 7. c3 dxc3 8.
Nxc3 Qe7 9. Bf4 d5 10. Bxd5 Bd7 11. O-O O-O-O 12. a3 Bxc3 13. bxc3 f6 14. e6
Be8 15. c4 Rg8 16. Nh4 Nge5 17. Nf5 Qc5 18. e7 Rxd5 19. cxd5 Nxe7 20. Be3 1-0

[Event "Bad. Jug-EM 2018 U16"]
[Site "Karlsruhe-Durlach"]
[Date "2018.01.03"]
[Round "2.7"]
[White "Theilig, Maximilian"]
[Black "Wellenreich, Tim"]
[Result "0-1"]
[WhiteElo "1404"]
[BlackElo "1626"]
[PlyCount "167"]
[EventDate "2018.??.??"]
[WhiteTeam "SC Viernheim"]
[BlackTeam "SSV Bruchsal"]

1. d4 Nf6 2. c4 e5 3. e3 exd4 4. exd4 d5 5. Nc3 dxc4 6. Bxc4 Bd6 7. Bg5 h6 8.
Bh4 O-O 9. Nge2 Nbd7 10. O-O Nb6 11. Bb3 Bxh2+ 12. Kh1 Bd6 13. Ne4 Be7 14.
Nxf6+ Bxf6 15. Bg3 Bg4 16. f3 Bf5 17. Rc1 Rc8 18. Kg1 Re8 19. d5 Be5 20. Bxe5
Rxe5 21. Nc3 Bg6 22. Qd4 Rh5 23. Rfd1 Qd6 24. Nb5 Qh2+ 25. Kf2 Rg5 26. Rg1 Qg3+
27. Kf1 a6 28. Nc3 Re5 29. Ne2 Qh2 30. d6 c6 31. Qxb6 Bd3 32. Re1 Rxe2 33. Rxe2
Qxd6 34. Qe3 Qd7 35. Kf2 Bxe2 36. Qxe2 Re8 37. Qd1 Qf5 38. Re1 Qc5+ 39. Kf1
Qb5+ 40. Re2 a5 41. Qd2 Rc8 42. Qd7 Rf8 43. Qd4 Qh5 44. Kf2 c5 45. Qe5 Qh4+ 46.
Kg1 Qb4 47. Qd5 Qb6 48. Kf1 Qg6 49. Qxc5 Qb1+ 50. Kf2 Qg6 51. Qxa5 Qf6 52. g3
Qa6 53. Qd5 Qb6+ 54. Kg2 Qa6 55. Rf2 Qb6 56. Bc4 Qc7 57. b4 b6 58. a4 Rd8 59.
Qe4 Qa7 60. Bb5 Qc7 61. Qc6 Qb8 62. Ba6 Qa7 63. Qb7 Qxb7 64. Bxb7 Rd4 65. Rb2
Kf8 66. Kf2 g5 67. Ke3 Rc4 68. Bd5 Rc8 69. a5 bxa5 70. bxa5 Rc5 71. Kd4 Rxa5
72. Rb8+ Ke7 73. Rb7+ Kf6 74. Rxf7+ Kg6 75. Re7 Ra4+ 76. Ke5 Ra1 77. g4 Ra5 78.
Re6+ Kg7 79. Rd6 Rb5 80. Ke6 Ra5 81. Rd7+ Kf8 82. Rd6 Ra7 83. Rd7 Ra6+ 84. Kf5
{Rest nicht rekonstruierbar} 0-1

[Event "Bad. Jug-EM 2018 U16"]
[Site "Karlsruhe-Durlach"]
[Date "2018.01.03"]
[Round "2.8"]
[White "Fließ, Justin"]
[Black "Trunk, Mika"]
[Result "0-1"]
[WhiteElo "1368"]
[BlackElo "1572"]
[PlyCount "172"]
[EventDate "2018.??.??"]
[WhiteTeam "Neckarsteinach"]
[BlackTeam "BG Buchen"]

1. Nf3 d5 2. d4 Bf5 3. Bf4 Nf6 4. e3 e6 5. c4 c5 6. Ne5 Nc6 7. Nc3 Be7 8. Be2
O-O 9. h4 Qb6 10. g4 Qxb2 11. gxf5 Qxc3+ 12. Kf1 cxd4 13. cxd5 Nxd5 14. Rc1 Qa3
15. Nxc6 bxc6 16. Rxc6 Nxf4 17. exf4 exf5 18. Qxd4 Qxa2 19. Rg1 g6 20. Bd3 Bxh4
21. Bxf5 Rad8 22. Bxg6 Rxd4 23. Bb1+ Kh8 24. Bxa2 Rxf4 25. Rg2 Re8 26. Rc7 Ra4
27. Rh2 Rxa2 28. Rxh4 Kg7 29. Rg4+ Kh8 30. Rd4 Ra1+ 31. Kg2 Kg7 32. Rdd7 Rf8
33. Rxa7 Rxa7 34. Rxa7 Kg6 35. Kf3 Rb8 36. Ra5 f6 37. Kg4 Rb4+ 38. f4 Rb6 39.
Rh5 Rb7 40. f5+ Kg7 41. Kf3 Rb1 42. Kf2 Rb2+ 43. Kf3 Rb3+ 44. Kf4 Rb1 45. Rh2
Rg1 46. Kf3 Rg5 47. Kf4 h5 48. Ke4 Kh6 49. Rf2 Rg4+ 50. Kd5 Kg5 51. Ke6 h4 52.
Rh2 Re4+ 53. Kd5 Kxf5 54. Rf2+ Rf4 55. Rh2 Kg5 56. Rg2+ Rg4 57. Rf2 h3 58. Ke6
Re4+ 59. Kd5 f5 60. Kd6 Kg4 61. Kd5 Rf4 62. Ra2 Kg3 63. Ke5 Rf3 64. Rb2 h2 65.
Rxh2 Kxh2 66. Kd4 Kg3 67. Ke5 Kg4 68. Kd4 Kf4 69. Kd5 Re3 70. Kd4 Kf3 71. Kd5
f4 72. Kd4 Kg4 73. Kd5 Kf5 74. Kd4 Ke6 75. Kc4 Ke5 76. Kc5 Rc3+ 77. Kb4 Kd4 78.
Kb5 Rc4 79. Kb6 Rc5 80. Kb7 Kd5 81. Kb8 Kd6 82. Kb7 Rc6 83. Kb8 Rc7 84. Ka8 Kc6
85. Kb8 Kb6 86. Ka8 Rc8# 0-1

[Event "Bad. Jug-EM 2018 U16"]
[Site "Karlsruhe-Durlach"]
[Date "2018.01.03"]
[Round "2.9"]
[White "Salwasser, Christian"]
[Black "Schwab, Norman"]
[Result "1-0"]
[WhiteElo "1519"]
[BlackElo "1374"]
[PlyCount "85"]
[EventDate "2018.??.??"]
[WhiteTeam "SC Rastatt"]
[BlackTeam "FSF 1887 Zähringen"]

1. e4 e5 2. Nf3 Nc6 3. d4 exd4 4. Bc4 d6 5. c3 Be6 6. Bxe6 fxe6 7. Qb3 Ne5 8.
Qxe6+ Qe7 9. Nxd4 Nf6 10. Qxe7+ Kxe7 11. f3 Nd3+ 12. Kd2 Nxc1 13. Rxc1 g6 14.
Kd3 Nh5 15. g3 Bg7 16. Nd2 Rad8 17. Kc2 d5 18. Re1 dxe4 19. Rxe4+ Kf7 20. Rae1
Rhe8 21. Rxe8 Rxe8 22. Rxe8 Kxe8 23. Ne6 Be5 24. f4 Bd6 25. Ne4 Ke7 26. Nxd6
Kxd6 27. Ng5 Nf6 28. Kd3 Ng4 29. h3 h6 30. Ne4+ Kd5 31. hxg4 c5 32. c4+ Ke6 33.
Nxc5+ Kf6 34. Nxb7 g5 35. fxg5+ Kxg5 36. c5 Kxg4 37. c6 Kxg3 38. c7 h5 39. c8=Q
h4 40. Qg8+ Kh3 41. Ke3 a5 42. Kf3 a4 43. Qg2# 1-0

[Event "Bad. Jug-EM 2018 U20-U20w"]
[Site "Karlsruhe-Durlach"]
[Date "2018.01.03"]
[Round "2.1"]
[White "Kühn, Kolja"]
[Black "Ziegler, Ruben"]
[Result "1-0"]
[WhiteElo "2125"]
[BlackElo "700"]
[PlyCount "61"]
[EventDate "2018.??.??"]
[WhiteTeam "SK Ötigheim"]
[BlackTeam "BG Buchen"]

1. e4 d5 2. exd5 Qxd5 3. Nc3 Qa5 4. d4 Nf6 5. Bd2 Qb6 6. Nf3 Bg4 7. Bc4 c6 8.
Bxf7+ Kxf7 9. Ne5+ Ke8 10. Nxg4 Qxd4 11. Nxf6+ Qxf6 12. O-O e5 13. f4 Bc5+ 14.
Kh1 Be7 15. Qe2 Nd7 16. Rae1 Qe6 17. f5 Qf7 18. b3 b5 19. Ne4 h6 20. Bc3 Rf8
21. Nd2 Bd6 22. Nf3 Kd8 23. Bxe5 Re8 24. Qd2 Bc7 25. Bxc7+ Kxc7 26. Rd1 Qxf5
27. Qd6+ Kd8 28. Nd4 Qe4 29. Nxc6+ Qxc6 30. Qxc6 Re7 31. Rf8+ 1-0

[Event "Bad. Jug-EM 2018 U20-U20w"]
[Site "Karlsruhe-Durlach"]
[Date "2018.01.03"]
[Round "2.2"]
[White "Öztürk, Yasin-Safa"]
[Black "Stallknecht, Britta"]
[Result "1/2-1/2"]
[WhiteElo "1775"]
[BlackElo "1848"]
[PlyCount "36"]
[EventDate "2018.??.??"]
[WhiteTeam "SC Ketsch"]
[BlackTeam "SK Großsachsen"]

1. d4 d5 2. c4 c6 3. Nc3 Nf6 4. Nf3 dxc4 5. a4 Bf5 6. e3 e6 7. Bxc4 Bb4 8. O-O
O-O 9. Na2 Qe7 10. Nxb4 Qxb4 11. b3 Re8 12. Ba3 Qb6 13. Re1 h6 14. Ne5 Qc7 15.
Be2 Nbd7 16. Nd3 e5 17. Nxe5 Nxe5 18. dxe5 Qxe5 1/2-1/2

[Event "Bad. Jug-EM 2018 U20-U20w"]
[Site "Karlsruhe-Durlach"]
[Date "2018.01.03"]
[Round "2.3"]
[White "Kraus, Jens"]
[Black "Hochscheidt, Lukas"]
[Result "0-1"]
[WhiteElo "1103"]
[BlackElo "1766"]
[PlyCount "128"]
[EventDate "2018.??.??"]
[WhiteTeam "SK Lahr"]
[BlackTeam "SSV Bruchsal"]

1. f4 g6 2. Nf3 Bg7 3. e4 c5 4. Nc3 a6 5. a4 Nc6 6. d3 d6 7. Be2 Bd7 8. O-O e6
9. Be3 Nd4 10. Qd2 Rc8 11. Bd1 Qc7 12. Qf2 Qb6 13. Bc1 Qb4 14. e5 Nxf3+ 15.
Qxf3 d5 16. Ne2 Ne7 17. c3 Qb6 18. d4 cxd4 19. Qf2 Nf5 20. Nxd4 Nxd4 21. Qxd4
Qxd4+ 22. cxd4 Rc4 23. Be3 Ke7 24. b3 Rc6 25. Rc1 Rhc8 26. Be2 Rc3 27. Bd2 Rxb3
28. Rxc8 Bxc8 29. Rc1 Bd7 30. a5 Rb2 31. f5 Rxd2 32. f6+ Bxf6 33. exf6+ Kxf6
34. Rc7 Rxe2 35. Rxd7 Ra2 36. Rxb7 Rxa5 37. Rb4 Ra2 38. h3 a5 39. Rb3 a4 40.
Rb4 a3 41. Ra4 Kf5 42. Kh2 Ra1 43. Ra7 f6 44. Rxh7 a2 45. Ra7 e5 46. dxe5 fxe5
47. g4+ Kf4 48. Rf7+ Ke3 49. Ra7 d4 50. Ra3+ d3 51. h4 Kf4 52. Rxd3 Rh1+ 53.
Kxh1 a1=Q+ 54. Kg2 Qa2+ 55. Kh3 Qe2 56. Rg3 Qf1+ 57. Kh2 Qf2+ 58. Rg2 Qxh4+ 59.
Kg1 Kf3 60. g5 e4 61. Kf1 Qh3 62. Ke1 Qxg2 63. Kd1 Qb2 64. Ke1 Qe2# 0-1